Ventura de Pedro de Valdivia

Guardat en:
Dades bibliogràfiques
Autor principal: Eyzaguirre Gutiérrez, Jaime (autor)
Format: Llibre
Idioma:espanyol
Publicat: Santiago, Chile Ministerio de Educación Pública 1953
Matèries:
Etiquetes: Afegir etiqueta
Sense etiquetes, Sigues el primer a etiquetar aquest registre!

MARC

LEADER 00000nam a2200000 a 4500
001 UCM8169
003 CL-VaPUC
005 20231215105922.0
008 030124e19530000CL |||||||||||||||||spa|d
999 |c 302748  |d 302746 
040 |c Pontificia Universidad Católica de Valparaíso 
082 0 4 |a 983.02 EYZ 1953  |2 21 
100 |a Eyzaguirre Gutiérrez, Jaime  |e autor  |9 584583 
245 1 0 |a Ventura de Pedro de Valdivia 
260 |a Santiago, Chile  |b Ministerio de Educación Pública  |c 1953 
300 |a 217 páginas 
583 |a last modification  |c 20030124 00:00:00  |k Rodrigo Vera 
600 0 7 |a VALDIVIA, PEDRO DE  |2 CL-VaPUC  |9 317024 
650 0 |a Historia de Chile  |9 265473 
650 0 |a Conquista  |z CHILE  |9 339504 
852 |a BIBCUR 
942 |c BK  |2 ddc 
945 |d 20030124 00:00:00  |a cmena 
952 |0 0  |1 0  |2 ddc  |4 0  |6 983_020000000000000_EYZ_1953  |7 0  |8 A  |9 363474  |a BIBHIS  |b BIBHIS  |d 2019-11-21  |i 3879178  |o 983.02 EYZ 1953  |p 3879178  |r 2025-01-20  |t 1  |w 2019-11-21  |y BK  |k HIS